000 00635nam a2200181Ia 4500
008 090123s9999 xx 000 0 und d
082 _b3777
_a891.463/कानिट
100 _aकानिटकर माधव
245 _aमनात माझ्या रात्र चांदणी
250 _a1
260 _c1974
300 _a91
600 _aकानिटकर माधव
630 _aमनात माझ्या रात्र चांदणी
700 _aकानिटकर माधव
730 _aमनात माझ्या रात्र चांदणी
942 _cBOOK
999 _c41853
_d41853